[Event "Kragero Resort A 2020"]
[Site "Kragero"]
[Date "2020.02.19"]
[Round "1.19"]
[White "Tunsjo, Axel"]
[Black "Osmak, Iulija"]
[Result "0-1"]
[WhiteElo "2035"]
[BlackElo "2394"]
[Annotator "NA"]
[PlyCount "54"]
[EventDate "2020.02.19"]
[EventType "swiss"]
[EventCountry "NOR"]
[SourceTitle "playchess.com"]
[Source "ChessBase"]
[SourceQuality "1"]
[TimeControl "5400+30"]

1. e4 {[%emt 0:00:00]} e6 {[%emt 0:01:39]} 2. Nf3 {[%emt 0:00:00]} d5 {[%emt 0:00:05]} 3. Nc3 {[%emt 0:00:00]} Nf6 {[%emt 0:00:55]} 4. e5 {[%emt 0:00:23]} Nfd7 {[%emt 0:00:05]} 5. d4 {[%emt 0:00:07]} c5 {[%emt 0:00:09]} 6. dxc5 {[%emt 0:00:08]} Nc6 {[%emt 0:00:20]} 7. Bf4 {[%emt 0:00:06]} Nxc5 {[%emt 0:01:47]} 8. Be2 {[%emt 0:03:54]} Be7 {[%emt 0:00:36]} 9. O-O {[%emt 0:00:22]} O-O {[%emt 0:01:36]} 10. Re1 {[%emt 0:02:50]} f6 {[%emt 0:04:40]} 11. exf6 {[%emt 0:00:14]} Bxf6 {[%emt 0:00:22]} 12. Bg3 {[%emt 0:00:09]} Ne4 {[%emt 0:04:11]} 13. Bd3 {[%emt 0:11:44]} Nxg3 {[%emt 0:04:25]} 14. hxg3 {[%emt 0:00:07]} Kh8 {[%emt 0:10:48]} 15. Qd2 {[%emt 0:07:57]} e5 {[%emt 0:03:19]} 16. Bb5 {[%emt 0:07:18]} e4 {[%emt 0:02:09]} 17. Nh2 {[%emt 0:00:35]} Be6 {[%emt 0:10:40]} 18. Rad1 {[%emt 0:03:51]} Qb6 {[%emt 0:03:44]} 19. Ba4 {[%emt 0:10:51]} Bd4 {[%emt 0:10:44]} 20. Nf3 {[%emt 0:03:24]} Bxc3 {[%emt 0:06:10]} 21. bxc3 {[%emt 0:01:35]} Bg4 {[%emt 0:02:57]} 22. Rb1 {[%emt 0:00:56]} Qc7 {[%emt 0:03:38]} 23. Nd4 {[%emt 0:05:17]} Rad8 {[%emt 0:02:44]} 24. Rb5 {[%emt 0:04:21]} Bc8 {[%emt 0:06:55]} 25. Reb1 {[%emt 0:04:43]} Ne5 {[%emt 0:01:54]} 26. Bb3 {[%emt 0:00:27]} Ng4 {[%emt 0:01:26]} 27. Bxd5 {[%emt 0:03:32]} e3 {[%emt 0:02:28]} 0-1

[Event "Kragero Resort A 2020"]
[Site "Kragero"]
[Date "2020.02.19"]
[Round "1.20"]
[White "Kaasen, Tor Fredrik"]
[Black "Jonsson, Gauti Pall"]
[Result "1-0"]
[WhiteElo "2393"]
[BlackElo "2027"]
[Annotator "NA"]
[PlyCount "101"]
[EventDate "2020.02.19"]
[EventType "swiss"]
[EventCountry "NOR"]
[SourceTitle "playchess.com"]
[Source "ChessBase"]
[SourceQuality "1"]
[TimeControl "5400+30"]

1. e4 {[%emt 0:00:00]} c5 {[%emt 0:00:00]} 2. Nf3 {[%emt 0:00:35]} e6 {[%emt 0:00:19]} 3. d4 {[%emt 0:00:35]} cxd4 {[%emt 0:00:12]} 4. Nxd4 {[%emt 0:00:16]} Nc6 {[%emt 0:00:49]} 5. Nc3 {[%emt 0:01:27]} Qc7 {[%emt 0:00:51]} 6. g3 {[%emt 0:00:32]} a6 {[%emt 0:00:44]} 7. Bg2 {[%emt 0:00:18]} Nf6 {[%emt 0:00:35]} 8. O-O {[%emt 0:00:15]} Nxd4 {[%emt 0:00:43]} 9. Qxd4 {[%emt 0:00:07]} Bc5 {[%emt 0:00:37]} 10. Bf4 {[%emt 0:00:54]} d6 {[%emt 0:01:01]} 11. Qd2 {[%emt 0:00:26]} e5 {[%emt 0:00:45]} 12. Bg5 {[%emt 0:00:46]} Be6 {[%emt 0:02:30]} 13. Bxf6 {[%emt 0:04:27]} gxf6 {[%emt 0:00:12]} 14. Nd5 {[%emt 0:01:07]} Bxd5 {[%emt 0:02:41]} 15. Qxd5 {[%emt 0:00:25]} Qc6 {[%emt 0:04:07]} 16. Qd1 {[%emt 0:06:19]} h5 {[%emt 0:04:05]} 17. h4 {[%emt 0:01:45]} O-O-O {[%emt 0:02:39]} 18. Qf3 {[%emt 0:01:59]} Rh6 {[%emt 0:04:38]} 19. Rfd1 {[%emt 0:05:00]} Kb8 {[%emt 0:02:50]} 20. Rd3 {[%emt 0:02:02]} Rg8 {[%emt 0:03:49]} 21. c3 {[%emt 0:06:09]} Rhg6 {[%emt 0:03:19]} 22. Kh2 {[%emt 0:01:38]} Qb5 {[%emt 0:16:52]} 23. Rd2 {[%emt 0:02:08]} d5 {[%emt 0:04:45]} 24. b4 {[%emt 0:06:02]} dxe4 {[%emt 0:05:14]} 25. Qxe4 {[%emt 0:00:43]} Bxf2 {[%emt 0:03:41]} 26. Rxf2 {[%emt 0:00:42]} Rxg3 {[%emt 0:00:11]} 27. Qf5 {[%emt 0:08:19]} Qc4 {[%emt 0:03:28]} 28. Qxf6 {[%emt 0:04:03]} Qxc3 {[%emt 0:03:32]} 29. Qd6+ {[%emt 0:01:22]} Ka7 {[%emt 0:01:07]} 30. Qc5+ {[%emt 0:01:00]} Qxc5 {[%emt 0:00:01]} 31. bxc5 {[%emt 0:00:07]} e4 {[%emt 0:00:38]} 32. Re1 {[%emt 0:02:18]} f5 {[%emt 0:01:49]} 33. Bh3 {[%emt 0:00:36]} Rc3 {[%emt 0:02:36]} 34. Bxf5 {[%emt 0:01:13]} e3 {[%emt 0:01:37]} 35. Rc2 {[%emt 0:03:02]} Ra3 {[%emt 0:01:51]} 36. Be6 {[%emt 0:02:59]} Re8 {[%emt 0:02:31]} 37. Bb3 {[%emt 0:00:32]} Re4 {[%emt 0:01:04]} 38. Kg3 {[%emt 0:02:09]} Ra5 {[%emt 0:02:22]} 39. Kf3 {[%emt 0:02:26]} Rxh4 {[%emt 0:00:52]} 40. Rxe3 {[%emt 0:02:37]} Rb5 {[%emt 0:00:42]} 41. Re4 {[%emt 0:04:23]} Rxe4 {[%emt 0:03:26]} 42. Kxe4 {[%emt 0:00:09]} Kb8 {[%emt 0:00:23]} 43. Kd5 {[%emt 0:05:53]} b6 {[%emt 0:02:35]} 44. Kc6 {[%emt 0:00:50]} Ka7 {[%emt 0:01:05]} 45. Bd5 {[%emt 0:03:44]} bxc5 {[%emt 0:03:37]} 46. Rf2 {[%emt 0:01:19]} Rb6+ {[%emt 0:00:51]} 47. Kxc5 {[%emt 0:02:40]} Rb5+ {[%emt 0:01:12]} 48. Kc6 {[%emt 0:00:21]} Rb6+ {[%emt 0:00:31]} 49. Kc7 {[%emt 0:00:21]} Rh6 {[%emt 0:01:25]} 50. Rf8 {[%emt 0:02:02]} Rh7+ {[%emt 0:00:17]} 51. Kc6 {[%emt 0:00:16]} 1-0

[Event "Kragero Resort A 2020"]
[Site "Kragero"]
[Date "2020.02.19"]
[Round "1.21"]
[White "Petursson, Gudni"]
[Black "Sriram, Jha"]
[Result "0-1"]
[WhiteElo "2026"]
[BlackElo "2383"]
[Annotator "NA"]
[PlyCount "60"]
[EventDate "2020.02.19"]
[EventType "swiss"]
[EventCountry "NOR"]
[SourceTitle "playchess.com"]
[Source "ChessBase"]
[SourceQuality "1"]
[TimeControl "5400+30"]

1. d4 {[%emt 0:01:44]} g6 {[%emt 0:08:22]} 2. c4 {[%emt 0:00:30]} Bg7 {[%emt 0:00:30]} 3. Nc3 {[%emt 0:00:30]} d6 {[%emt 0:00:30]} 4. e4 {[%emt 0:00:30]} Nc6 {[%emt 0:00:30]} 5. Be3 {[%emt 0:00:30]} e5 {[%emt 0:00:30]} 6. Nge2 {[%emt 0:00:30]} Nh6 {[%emt 0:00:30]} 7. f3 {[%emt 0:00:30]} f5 {[%emt 0:00:30]} 8. d5 {[%emt 0:00:30]} Ne7 {[%emt 0:00:30]} 9. Qd2 {[%emt 0:00:30]} Nf7 {[%emt 0:00:30]} 10. O-O-O {[%emt 0:00:30]} O-O {[%emt 0:00:30]} 11. Kb1 {[%emt 0:00:30]} c5 {[%emt 0:00:30]} 12. Nc1 {[%emt 0:00:30]} a6 {[%emt 0:00:30]} 13. h4 {[%emt 0:00:30]} f4 {[%emt 0:00:30]} 14. Bf2 {[%emt 0:00:30]} Bd7 {[%emt 0:00:30]} 15. g3 {[%emt 0:00:30]} b5 {[%emt 0:00:30]} 16. h5 {[%emt 0:00:30]} Ng5 {[%emt 0:00:30]} 17. hxg6 {[%emt 0:00:30]} Nxg6 {[%emt 0:00:30]} 18. gxf4 {[%emt 0:00:30]} exf4 {[%emt 0:00:30]} 19. Bd3 {[%emt 0:00:30]} Nxf3 {[%emt 0:00:30]} 20. Qe2 {[%emt 0:00:30]} Bg4 {[%emt 0:00:30]} 21. Rdg1 {[%emt 0:00:30]} Qd7 {[%emt 0:00:30]} 22. Rxg4 {[%emt 0:00:30]} Qxg4 {[%emt 0:00:30]} 23. cxb5 {[%emt 0:00:30]} Nfe5 {[%emt 0:00:30]} 24. bxa6 {[%emt 0:00:30]} Rfb8 {[%emt 0:00:30]} 25. Rg1 {[%emt 0:00:30]} Qh3 {[%emt 0:00:30]} 26. Bb5 {[%emt 0:00:30]} Nf3 {[%emt 0:00:30]} 27. Rd1 {[%emt 0:00:30]} Nd4 {[%emt 0:00:30]} 28. Qc4 {[%emt 0:00:30]} Ne5 {[%emt 0:00:30]} 29. Qa4 {[%emt 0:00:30]} Nxb5 {[%emt 0:00:30]} 30. Nxb5 {[%emt 0:00:30]} Qd7 {[%emt 0:00:30]} 0-1

[Event "Kragero Resort A 2020"]
[Site "Kragero"]
[Date "2020.02.19"]
[Round "1.22"]
[White "Abdrlauf, Elham"]
[Black "Olsen, Robin"]
[Result "1-0"]
[WhiteElo "2381"]
[BlackElo "2025"]
[Annotator "NA"]
[PlyCount "103"]
[EventDate "2020.02.19"]
[EventType "swiss"]
[EventCountry "NOR"]
[SourceTitle "playchess.com"]
[Source "ChessBase"]
[SourceQuality "1"]
[TimeControl "5400+30"]

1. e4 {[%emt 0:00:00]} c6 {[%emt 0:00:00]} 2. c4 {[%emt 0:00:00]} d5 {[%emt 0:00:00]} 3. exd5 {[%emt 0:00:00]} cxd5 {[%emt 0:00:00]} 4. d4 {[%emt 0:00:00]} Nf6 {[%emt 0:00:00]} 5. Nc3 {[%emt 0:00:00]} g6 {[%emt 0:00:00]} 6. Bg5 {[%emt 0:00:00]} Bg7 {[%emt 0:00:16]} 7. Bxf6 {[%emt 0:00:43]} Bxf6 {[%emt 0:00:04]} 8. cxd5 {[%emt 0:00:37]} O-O {[%emt 0:00:40]} 9. Nf3 {[%emt 0:00:06]} Nd7 {[%emt 0:01:11]} 10. Qb3 {[%emt 0:01:03]} Nb6 {[%emt 0:00:41]} 11. h3 {[%emt 0:00:11]} e6 {[%emt 0:02:06]} 12. d6 {[%emt 0:04:38]} Qxd6 {[%emt 0:06:38]} 13. Ne4 {[%emt 0:00:27]} Qd8 {[%emt 0:01:39]} 14. Nxf6+ {[%emt 0:02:07]} Qxf6 {[%emt 0:02:25]} 15. Bd3 {[%emt 0:02:56]} Bd7 {[%emt 0:02:59]} 16. Be4 {[%emt 0:00:08]} Bc6 {[%emt 0:01:01]} 17. Bxc6 {[%emt 0:00:08]} bxc6 {[%emt 0:00:03]} 18. O-O {[%emt 0:00:07]} Rac8 {[%emt 0:04:28]} 19. Rac1 {[%emt 0:01:10]} Qd8 {[%emt 0:04:23]} 20. Rc5 {[%emt 0:02:54]} Nd7 {[%emt 0:01:54]} 21. Rc3 {[%emt 0:01:03]} c5 {[%emt 0:04:31]} 22. Rfc1 {[%emt 0:10:04]} Rb8 {[%emt 0:06:29]} 23. Qa3 {[%emt 0:05:55]} cxd4 {[%emt 0:00:25]} 24. Nxd4 {[%emt 0:01:05]} Ne5 {[%emt 0:02:37]} 25. Qc5 {[%emt 0:07:51]} Qf6 {[%emt 0:07:24]} 26. Nb3 {[%emt 0:17:34]} Rbd8 {[%emt 0:06:28]} 27. Qe3 {[%emt 0:00:27]} g5 {[%emt 0:02:16]} 28. Rc5 {[%emt 0:04:45]} Rd5 {[%emt 0:00:52]} 29. Rxd5 {[%emt 0:00:08]} exd5 {[%emt 0:00:12]} 30. Qxa7 {[%emt 0:03:11]} Nd3 {[%emt 0:02:11]} 31. Rd1 {[%emt 0:07:35]} Qxb2 {[%emt 0:03:46]} 32. Qe3 {[%emt 0:13:20]} Nf4 {[%emt 0:00:37]} 33. g3 {[%emt 0:02:50]} Ne6 {[%emt 0:02:36]} 34. Nd4 {[%emt 0:01:03]} Qb6 {[%emt 0:07:52]} 35. Qe5 {[%emt 0:02:27]} Nxd4 {[%emt 0:00:44]} 36. Rxd4 {[%emt 0:04:19]} h6 {[%emt 0:01:47]} 37. Qxd5 {[%emt 0:00:39]} Re8 {[%emt 0:01:27]} 38. Kg2 {[%emt 0:00:29]} Kg7 {[%emt 0:04:48]} 39. a4 {[%emt 0:00:41]} Re6 {[%emt 0:01:14]} 40. h4 {[%emt 0:00:49]} Qc6 {[%emt 0:01:51]} 41. hxg5 {[%emt 0:00:11]} hxg5 {[%emt 0:00:11]} 42. Qxc6 {[%emt 0:00:03]} Rxc6 {[%emt 0:00:05]} 43. a5 {[%emt 0:00:03]} f5 {[%emt 0:00:38]} 44. Rb4 {[%emt 0:00:43]} Rc5 {[%emt 0:03:13]} 45. Ra4 {[%emt 0:00:14]} Rc7 {[%emt 0:00:40]} 46. a6 {[%emt 0:00:06]} Ra7 {[%emt 0:00:02]} 47. g4 {[%emt 0:00:26]} Kf6 {[%emt 0:01:46]} 48. Kf3 {[%emt 0:00:51]} fxg4+ {[%emt 0:05:28]} 49. Kxg4 {[%emt 0:00:46]} Ke5 {[%emt 0:03:20]} 50. Kxg5 {[%emt 0:00:11]} Rg7+ {[%emt 0:00:07]} 51. Kh6 {[%emt 0:00:05]} Ra7 {[%emt 0:01:09]} 52. Kg6 {[%emt 0:00:12]} 1-0

[Event "Kragero Resort A 2020"]
[Site "Kragero"]
[Date "2020.02.19"]
[Round "1.23"]
[White "Nilsen, Tobias Lang"]
[Black "Tryggestad, Andreas Garberg"]
[Result "0-1"]
[WhiteElo "2019"]
[BlackElo "2380"]
[Annotator "NA"]
[PlyCount "114"]
[EventDate "2020.02.19"]
[EventType "swiss"]
[EventCountry "NOR"]
[SourceTitle "playchess.com"]
[Source "ChessBase"]
[SourceQuality "1"]
[TimeControl "5400+30"]

1. e4 {[%emt 0:00:00]} c5 {[%emt 0:00:00]} 2. Nf3 {[%emt 0:00:00]} e6 {[%emt 0:00:00]} 3. d4 {[%emt 0:01:07]} cxd4 {[%emt 0:00:00]} 4. Nxd4 {[%emt 0:00:06]} Nc6 {[%emt 0:00:00]} 5. Nc3 {[%emt 0:00:24]} Qc7 {[%emt 0:00:00]} 6. Be3 {[%emt 0:00:22]} Nf6 {[%emt 0:00:00]} 7. Bd3 {[%emt 0:06:24]} Be7 {[%emt 0:00:29]} 8. O-O {[%emt 0:00:42]} O-O {[%emt 0:06:00]} 9. f4 {[%emt 0:04:03]} d6 {[%emt 0:00:24]} 10. Qf3 {[%emt 0:05:39]} Nxd4 {[%emt 0:00:16]} 11. Bxd4 {[%emt 0:00:06]} e5 {[%emt 0:00:04]} 12. Be3 {[%emt 0:00:27]} exf4 {[%emt 0:00:15]} 13. Bxf4 {[%emt 0:00:40]} Qb6+ {[%emt 0:11:59]} 14. Kh1 {[%emt 0:04:13]} Qxb2 {[%emt 0:19:11]} 15. Nb5 {[%emt 0:06:04]} Qb4 {[%emt 0:00:32]} 16. e5 {[%emt 0:01:45]} dxe5 {[%emt 0:01:06]} 17. Bxe5 {[%emt 0:00:10]} Bd7 {[%emt 0:09:08]} 18. Nc7 {[%emt 0:13:35]} Rac8 {[%emt 0:09:57]} 19. Bxf6 {[%emt 0:00:35]} Bxf6 {[%emt 0:00:07]} 20. Nd5 {[%emt 0:00:08]} Qh4 {[%emt 0:00:33]} 21. Nxf6+ {[%emt 0:00:55]} Qxf6 {[%emt 0:00:05]} 22. Qxf6 {[%emt 0:02:57]} gxf6 {[%emt 0:00:02]} 23. Rxf6 {[%emt 0:00:14]} Kg7 {[%emt 0:08:22]} 24. Rf4 {[%emt 0:02:37]} Rc5 {[%emt 0:00:44]} 25. Rb1 {[%emt 0:02:26]} b6 {[%emt 0:00:24]} 26. Kg1 {[%emt 0:00:55]} Rfc8 {[%emt 0:10:35]} 27. Bxh7 {[%emt 0:11:27]} f5 {[%emt 0:01:56]} 28. Rd1 {[%emt 0:00:19]} R8c7 {[%emt 0:00:49]} 29. Rxd7+ {[%emt 0:02:16]} Rxd7 {[%emt 0:00:01]} 30. Bxf5 {[%emt 0:00:10]} Rd1+ {[%emt 0:03:22]} 31. Kf2 {[%emt 0:00:12]} Rd2+ {[%emt 0:00:13]} 32. Kg3 {[%emt 0:02:12]} b5 {[%emt 0:02:53]} 33. Be4 {[%emt 0:19:05]} a5 {[%emt 0:00:37]} 34. h4 {[%emt 0:00:53]} b4 {[%emt 0:00:22]} 35. Rf5 {[%emt 0:02:33]} Rc3+ {[%emt 0:01:05]} 36. Rf3 {[%emt 0:00:41]} Rcxc2 {[%emt 0:00:40]} 37. Bxc2 {[%emt 0:01:59]} Rxc2 {[%emt 0:00:02]} 38. Rf5 {[%emt 0:00:31]} Rxa2 {[%emt 0:00:31]} 39. Rb5 {[%emt 0:00:23]} Ra3+ {[%emt 0:10:24]} 40. Kf4 {[%emt 0:00:07]} b3 {[%emt 0:00:05]} 41. Ke4 {[%emt 0:01:00]} a4 {[%emt 0:00:22]} 42. Kd3 {[%emt 0:00:27]} Ra2 {[%emt 0:00:41]} 43. Kc3 {[%emt 0:04:08]} Rxg2 {[%emt 0:00:19]} 44. Rb4 {[%emt 0:00:59]} Rc2+ {[%emt 0:00:59]} 45. Kd3 {[%emt 0:00:07]} Ra2 {[%emt 0:02:04]} 46. Kc3 {[%emt 0:00:27]} Kh6 {[%emt 0:00:06]} 47. Rb5 {[%emt 0:00:32]} Kg6 {[%emt 0:00:33]} 48. Rg5+ {[%emt 0:00:24]} Kh6 {[%emt 0:01:26]} 49. Rb5 {[%emt 0:00:09]} Rh2 {[%emt 0:00:21]} 50. Rb6+ {[%emt 0:03:43]} Kg7 {[%emt 0:00:31]} 51. Rb4 {[%emt 0:00:05]} Ra2 {[%emt 0:00:57]} 52. Rb5 {[%emt 0:00:19]} Kf6 {[%emt 0:00:05]} 53. h5 {[%emt 0:00:26]} Kg7 {[%emt 0:01:26]} 54. Ra5 {[%emt 0:00:19]} b2 {[%emt 0:00:30]} 55. Rb5 {[%emt 0:00:39]} a3 {[%emt 0:00:02]} 56. Rb7+ {[%emt 0:00:55]} Kh6 {[%emt 0:00:06]} 57. Kc2 {[%emt 0:00:20]} Ra1 {[%emt 0:00:02]} 0-1

[Event "Kragero Resort A 2020"]
[Site "Kragero"]
[Date "2020.02.19"]
[Round "1.24"]
[White "Salimova, Nurgyul"]
[Black "Digernes, Magnus"]
[Result "1-0"]
[WhiteElo "2372"]
[BlackElo "2017"]
[Annotator "NA"]
[PlyCount "77"]
[EventDate "2020.02.19"]
[EventType "swiss"]
[EventCountry "NOR"]
[SourceTitle "playchess.com"]
[Source "ChessBase"]
[SourceQuality "1"]
[TimeControl "5400+30"]

1. Nf3 {[%emt 0:59:13]} Nf6 {[%emt 1:15:06]} 2. d4 {[%emt 0:00:30]} g6 {[%emt 0:00:30]} 3. g3 {[%emt 0:00:30]} Bg7 {[%emt 0:00:30]} 4. Bg2 {[%emt 0:00:30]} d6 {[%emt 0:00:30]} 5. O-O {[%emt 0:00:30]} O-O {[%emt 0:00:30]} 6. b3 {[%emt 0:00:30]} c6 {[%emt 0:00:30]} 7. c4 {[%emt 0:00:30]} Qa5 {[%emt 0:00:30]} 8. Bb2 {[%emt 0:00:30]} Qh5 {[%emt 0:00:30]} 9. Nbd2 {[%emt 0:00:30]} Bh3 {[%emt 0:00:30]} 10. e4 {[%emt 0:00:30]} Ng4 {[%emt 0:00:30]} 11. Nh4 {[%emt 0:00:30]} Bxg2 {[%emt 0:00:30]} 12. Kxg2 {[%emt 0:00:30]} Nd7 {[%emt 0:00:30]} 13. h3 {[%emt 0:00:30]} Ngf6 {[%emt 0:00:30]} 14. f4 {[%emt 0:00:30]} Qa5 {[%emt 0:00:30]} 15. e5 {[%emt 0:00:30]} Ne8 {[%emt 0:00:30]} 16. Nhf3 {[%emt 0:00:30]} Nc7 {[%emt 0:00:30]} 17. Qc2 {[%emt 0:00:30]} b5 {[%emt 0:00:30]} 18. h4 {[%emt 0:00:30]} Rfd8 {[%emt 0:00:30]} 19. h5 {[%emt 0:00:30]} Nf8 {[%emt 0:00:30]} 20. hxg6 {[%emt 0:00:30]} fxg6 {[%emt 0:00:30]} 21. Bc3 {[%emt 0:00:30]} Qa6 {[%emt 0:00:30]} 22. f5 {[%emt 0:00:30]} gxf5 {[%emt 0:00:30]} 23. Qxf5 {[%emt 0:00:30]} Qc8 {[%emt 0:00:30]} 24. Qh5 {[%emt 0:00:30]} Qe6 {[%emt 0:00:30]} 25. Ba5 {[%emt 0:00:30]} Rdc8 {[%emt 0:00:30]} 26. Rae1 {[%emt 0:00:30]} Qg6 {[%emt 0:00:30]} 27. Qh4 {[%emt 0:00:30]} Nce6 {[%emt 0:00:30]} 28. Qxe7 {[%emt 0:00:30]} Nf4+ {[%emt 0:00:30]} 29. Kh2 {[%emt 0:00:30]} Re8 {[%emt 0:00:30]} 30. Qh4 {[%emt 0:00:30]} Nd3 {[%emt 0:00:30]} 31. Re4 {[%emt 0:00:30]} Qh6 {[%emt 0:00:30]} 32. Qxh6 {[%emt 0:00:30]} Bxh6 {[%emt 0:00:30]} 33. exd6 {[%emt 0:00:30]} Rxe4 {[%emt 0:00:30]} 34. Nxe4 {[%emt 0:00:30]} bxc4 {[%emt 0:00:30]} 35. bxc4 {[%emt 0:00:30]} Nb2 {[%emt 0:00:30]} 36. Ne5 {[%emt 0:00:30]} Bg7 {[%emt 0:00:30]} 37. Nf6+ {[%emt 0:00:30]} Bxf6 {[%emt 0:00:30]} 38. Rxf6 {[%emt 0:00:30]} Re8 {[%emt 0:00:30]} 39. Rf2 {[%emt 0:00:30]} 1-0

[Event "Kragero Resort A 2020"]
[Site "Kragero"]
[Date "2020.02.19"]
[Round "1.25"]
[White "Stellas, Dimitrios"]
[Black "Miedema, David"]
[Result "0-1"]
[WhiteElo "2015"]
[BlackElo "2368"]
[Annotator "NA"]
[PlyCount "109"]
[EventDate "2020.02.19"]
[EventType "swiss"]
[EventCountry "NOR"]
[SourceTitle "playchess.com"]
[Source "ChessBase"]
[SourceQuality "1"]
[TimeControl "5400+30"]

1. d4 {[%emt 0:00:00]} Nf6 {[%emt 0:00:00]} 2. Bf4 {[%emt 0:00:13]} d5 {[%emt 0:00:00]} 3. e3 {[%emt 0:00:22]} c5 {[%emt 0:00:00]} 4. c3 {[%emt 0:00:25]} Qb6 {[%emt 0:00:00]} 5. Qb3 {[%emt 0:01:17]} c4 {[%emt 0:00:00]} 6. Qc2 {[%emt 0:01:24]} g6 {[%emt 0:00:05]} 7. Nd2 {[%emt 0:00:59]} Bf5 {[%emt 0:00:04]} 8. Qc1 {[%emt 0:00:12]} Bg7 {[%emt 0:00:03]} 9. Ngf3 {[%emt 0:02:11]} O-O {[%emt 0:00:05]} 10. h3 {[%emt 0:01:32]} Nc6 {[%emt 0:00:04]} 11. Be2 {[%emt 0:00:49]} Rfc8 {[%emt 0:00:03]} 12. O-O {[%emt 0:01:10]} Qd8 {[%emt 0:00:03]} 13. Bd1 {[%emt 0:05:34]} b5 {[%emt 0:01:13]} 14. a3 {[%emt 0:03:08]} a5 {[%emt 0:00:06]} 15. Bc2 {[%emt 0:00:06]} Qd7 {[%emt 0:02:13]} 16. Ne5 {[%emt 0:05:12]} Nxe5 {[%emt 0:01:35]} 17. Bxe5 {[%emt 0:00:51]} Ra6 {[%emt 0:02:35]} 18. Re1 {[%emt 0:03:28]} Ne4 {[%emt 0:08:02]} 19. Bxg7 {[%emt 0:05:10]} Kxg7 {[%emt 0:00:06]} 20. f3 {[%emt 0:01:19]} Nxd2 {[%emt 0:09:10]} 21. Qxd2 {[%emt 0:00:25]} Bxc2 {[%emt 0:00:02]} 22. Qxc2 {[%emt 0:00:13]} Rb6 {[%emt 0:00:03]} 23. e4 {[%emt 0:02:26]} dxe4 {[%emt 0:01:48]} 24. Rxe4 {[%emt 0:04:07]} b4 {[%emt 0:01:30]} 25. axb4 {[%emt 0:08:15]} axb4 {[%emt 0:00:13]} 26. Rae1 {[%emt 0:00:18]} e6 {[%emt 0:00:12]} 27. Qd2 {[%emt 0:01:39]} Qd6 {[%emt 0:04:27]} 28. Re5 {[%emt 0:17:23]} bxc3 {[%emt 0:03:51]} 29. bxc3 {[%emt 0:00:10]} Rb3 {[%emt 0:00:07]} 30. d5 {[%emt 0:05:02]} Qb6+ {[%emt 0:00:20]} 31. Qe3 {[%emt 0:02:10]} exd5 {[%emt 0:06:11]} 32. Qxb6 {[%emt 0:02:04]} Rxb6 {[%emt 0:00:05]} 33. Rxd5 {[%emt 0:00:15]} Rb2 {[%emt 0:00:32]} 34. Rd4 {[%emt 0:04:02]} Rc2 {[%emt 0:00:12]} 35. Re3 {[%emt 0:00:34]} h5 {[%emt 0:02:19]} 36. f4 {[%emt 0:01:38]} Rc5 {[%emt 0:00:17]} 37. Rg3 {[%emt 0:05:14]} Ra5 {[%emt 0:01:52]} 38. f5 {[%emt 0:04:25]} Rxf5 {[%emt 0:04:09]} 39. Rxc4 {[%emt 0:00:16]} g5 {[%emt 0:00:15]} 40. Rf3 {[%emt 0:02:41]} Rxf3 {[%emt 0:00:52]} 41. gxf3 {[%emt 0:00:02]} Kg6 {[%emt 0:00:19]} 42. Rc5 {[%emt 0:01:18]} h4 {[%emt 0:00:13]} 43. c4 {[%emt 0:00:36]} f6 {[%emt 0:00:05]} 44. Rc8 {[%emt 0:00:42]} Kf5 {[%emt 0:00:06]} 45. c5 {[%emt 0:00:23]} Kf4 {[%emt 0:00:14]} 46. c6 {[%emt 0:02:36]} Kg3 {[%emt 0:00:14]} 47. Kf1 {[%emt 0:00:16]} Kxf3 {[%emt 0:00:12]} 48. Ke1 {[%emt 0:00:10]} Kg3 {[%emt 0:00:41]} 49. Kd1 {[%emt 0:00:20]} Rc5 {[%emt 0:00:04]} 50. Ke2 {[%emt 0:03:03]} Kxh3 {[%emt 0:00:05]} 51. Kd3 {[%emt 0:00:07]} g4 {[%emt 0:00:05]} 52. Kd4 {[%emt 0:00:07]} Rc1 {[%emt 0:00:03]} 53. Kd5 {[%emt 0:00:38]} g3 {[%emt 0:00:05]} 54. c7 {[%emt 0:00:36]} g2 {[%emt 0:00:04]} 55. Kd4 {[%emt 0:00:21]} 0-1

[Event "Kragero Resort A 2020"]
[Site "Kragero"]
[Date "2020.02.19"]
[Round "1.26"]
[White "Mikalsen, Erlend"]
[Black "Fuglestein, Sander"]
[Result "1-0"]
[WhiteElo "2364"]
[BlackElo "2002"]
[Annotator "NA"]
[PlyCount "75"]
[EventDate "2020.02.19"]
[EventType "swiss"]
[EventCountry "NOR"]
[SourceTitle "playchess.com"]
[Source "ChessBase"]
[SourceQuality "1"]
[TimeControl "5400+30"]

1. e4 {[%emt 0:00:00]} c6 {[%emt 0:00:00]} 2. d4 {[%emt 0:00:00]} d5 {[%emt 0:00:00]} 3. Nc3 {[%emt 0:00:00]} dxe4 {[%emt 0:00:10]} 4. Nxe4 {[%emt 0:00:00]} Nf6 {[%emt 0:00:17]} 5. Nxf6+ {[%emt 0:00:00]} exf6 {[%emt 0:00:13]} 6. c3 {[%emt 0:00:00]} Bd6 {[%emt 0:00:11]} 7. Bd3 {[%emt 0:00:00]} O-O {[%emt 0:00:23]} 8. Qc2 {[%emt 0:00:00]} Re8+ {[%emt 0:00:18]} 9. Ne2 {[%emt 0:00:01]} h5 {[%emt 0:00:46]} 10. O-O {[%emt 0:00:06]} Nd7 {[%emt 0:04:16]} 11. Be3 {[%emt 0:00:22]} Nf8 {[%emt 0:00:46]} 12. Rad1 {[%emt 0:00:37]} Be6 {[%emt 0:01:17]} 13. c4 {[%emt 0:00:16]} Qc7 {[%emt 0:02:48]} 14. h3 {[%emt 0:00:05]} Rad8 {[%emt 0:04:43]} 15. c5 {[%emt 0:00:11]} Be7 {[%emt 0:00:42]} 16. Nf4 {[%emt 0:00:21]} g6 {[%emt 0:14:23]} 17. Bc4 {[%emt 0:04:52]} Qc8 {[%emt 0:08:52]} 18. d5 {[%emt 0:03:05]} cxd5 {[%emt 0:00:58]} 19. Bxd5 {[%emt 0:02:20]} Bxd5 {[%emt 0:03:46]} 20. Nxd5 {[%emt 0:00:06]} Ne6 {[%emt 0:00:48]} 21. Qc3 {[%emt 0:01:02]} Kg7 {[%emt 0:02:09]} 22. b4 {[%emt 0:00:48]} Nc7 {[%emt 0:03:38]} 23. Nxc7 {[%emt 0:12:26]} Qxc7 {[%emt 0:00:34]} 24. b5 {[%emt 0:00:13]} Bd6 {[%emt 0:12:00]} 25. Qa3 {[%emt 0:04:38]} Be5 {[%emt 0:04:11]} 26. Rxd8 {[%emt 0:00:16]} Rxd8 {[%emt 0:00:43]} 27. Qxa7 {[%emt 0:00:26]} f5 {[%emt 0:00:12]} 28. c6 {[%emt 0:02:24]} bxc6 {[%emt 0:02:37]} 29. Qxc7 {[%emt 0:00:04]} Bxc7 {[%emt 0:00:03]} 30. b6 {[%emt 0:00:59]} Be5 {[%emt 0:05:10]} 31. b7 {[%emt 0:05:11]} Kf6 {[%emt 0:01:49]} 32. a4 {[%emt 0:01:33]} Rd3 {[%emt 0:03:02]} 33. a5 {[%emt 0:00:34]} Rb3 {[%emt 0:01:41]} 34. a6 {[%emt 0:00:40]} Bb8 {[%emt 0:00:30]} 35. g3 {[%emt 0:00:38]} Ke6 {[%emt 0:01:03]} 36. Ra1 {[%emt 0:00:22]} Kd5 {[%emt 0:02:18]} 37. a7 {[%emt 0:00:20]} Bxa7 {[%emt 0:00:11]} 38. Rxa7 {[%emt 0:00:05]} 1-0